BIBLIOTHÈQUE DE LA MAISON DU MEXIQUE

Logo 1 Logo 2

México acribillado (notice nᵒ 11915)

détails MARC
000 -Sello discográfico
campo de control de longitud fija 01232nam a2200349 4500
005 - Identificación de versión
campo de control 20251016083529.0
035 ## - Otros números de control del sistema
Número de control del sistema 33210
099 ## - fechas locales
Tipo de ítem Koha LIBRO
100 ## - Datos de procesamiento general
Datos de procesamiento general 20111216d2008 m y1spay5003 ba
105 ## - Campo de datos codificados: Material textual, monográfico
Datos codificados de monografía a 001ay
200 1# - Título y mención de responsabilidad
Título propio México acribillado
Designación general del material texto impreso
Otra información del título una novela histórica en cuatro actos
Primer mención de responsabilidad Francisco Martín Moreno
205 ## - Declaración de edición
Declaración de edición 1a ed
210 ## - Publicación, distribución, etc.
Lugar de publicación, distribución, etc. México
Nombre del editor, distribuidor, etc. Alfaguara
Fecha de publicación, distribución, etc. 2008
215 ## - Descripción física
Designación de material específico y extensión del ítem 585 p
Otras características físicas il.
Dimensiones 24 cm
320 ## - Nota de índices/bibliografías internas
Texto de la nota Incluye bibliografía: p.577-585
345 ## - Nota de información de adquisición
Fuente de adquisición/dirección de la suscripción [OBSOLETO] Donación 'Salon du Livre 2009'
600 ## - Nombre personal usado como materia
Elemento de entrada Obregón Salido
Parte del nombre distinta del elemento de entrada Alvaro
Fechas 1880-1928
Adiciones al nombre que no sean fechas pres. México
Subdivisión temática Novelas
Número Koha 18550
606 ## - Término temático usado como materia
Elemento de entrada Novela histórica mexicana
Subdivisión cronológica Siglo XX
Número Koha 18551
606 ## - Término temático usado como materia
Elemento de entrada Presidentes
Subdivisión temática Asesinato
-- Novelas
Número Koha 18552
606 ## - Término temático usado como materia
Elemento de entrada Presidentes
Subdivisión geográfica México
Subdivisión temática Novelas
Número Koha 18553
607 ## - Nombre geográfico utilizado como tema
Elemento de entrada México
Subdivisión temática Historia
Subdivisión cronológica 1910-1946
Subdivisión temática Novela
Número Koha 16882
607 ## - Nombre geográfico utilizado como tema
Elemento de entrada México
Subdivisión temática Historia
Subdivisión cronológica Siglo XX
Subdivisión temática Novelas
Número Koha 18554
660 ## - Código de área geográfica
Código MX
700 ## - Nombre personal - Responsabilidad primaria
Elemento de entrada Martín Moreno
Parte del nombre distinta del elemento de entrada Francisco
Fechas 1946-
Número Koha 7056
801 #0 - Fuente de origen
Agencia cm
900 ## -
-- 1/8299
900 ## -
-- 7100420065\051004
942 ## - ELEMENTOS DE ENTRADA SECUNDARIOS (KOHA)
Tipo de ítem Koha Livre
996 ## -
-- MEX
-- 751145101
-- MMAG
-- 000998
-- 863.4 M379MA
-- 20111216LIV
Exemplaires
Estatus retirado Estado de daño Estado de pérdida Fecha de adquisición Biblioteca de origen Biblioteca actual Ubicación en estantería Código de barras Precio de reemplazo Signatura topográfica completa No para préstamo Tipo de ítem Koha Nota pública Nota no pública
      05/08/2025 Casa México Paris Casa México Paris   000998 05/08/2025 863.4 M379MA   Livre 20111216LIV 751145101